[Event "Asian Academies Hybrid Chess-ch"]
[Site "Tornelo INT"]
[Date "2021.11.27"]
[Round "7.3"]
[White "Mohammad Ebrahimkhan Abri, Dorsa"]
[Black "Newansa, M Esandi"]
[Result "1-0"]
[WhiteElo "2017"]
[BlackElo "1121"]
[PlyCount "69"]
[EventDate "2021.11.21"]
[EventType "team-tourn"]
[EventRounds "7"]
[EventCountry "NET"]
[SourceTitle "EXT 2023"]
[Source "ChessBase"]
[SourceDate "2022.10.05"]
[SourceVersion "1"]
[SourceVersionDate "2022.10.05"]
[SourceQuality "1"]
[WhiteTeam "Pishgam Novin II"]
[BlackTeam "Sri Lanka CA"]
[WhiteTeamCountry "IRI"]
[BlackTeamCountry "SRI"]

1. d4 d5 2. Nf3 Bf5 3. c4 c6 4. Nc3 e6 5. Qb3 Qc8 6. Nh4 Bg6 7. Nxg6 hxg6 8. e4 dxe4 9. Nxe4 Qd7 10. Bd3 Be7 11. 0-0 Nf6 12. Bd2 0-0 13. Rad1 Qc7 14. Ng5 Ng4 15. Nf3 Nd7 16. c5 Ndf6 17. h3 Nh6 18. g4 Nd5 19. Ne5 Rfe8 20. Rfe1 b6 21. cxb6 axb6 22. Rc1 c5 23. Nxg6 fxg6 24. Rxe6 Rad8 25. Be4 c4 26. Rxc4 Qd7 27. Re5 Qb7 28. Rc1 Kh7 29. Bxd5 Qb8 30. Bxh6 gxh6 31. Bc6 Rf8 32. Rxe7+ Kh8 33. Qe3 g5 34. Qe4 Rxf2 35. Qh7# 1-0